Situacin̤ de derechos humanos y derecho humanitario en Colombia 2013-2017

Detalles Bibliográficos
Formato: eBook
Lenguaje:español
Publicado: Bogot:̀ Comisin̤ Colombiana de Juristas, 2017
Materias:
Acceso en línea:Acceso restringido

MARC

LEADER 00000nam a22000007a 4500
005 20200305234551.0
007 cr|||| ||||
008 200305s2017 co |||||s|||| 00||0 spa d
020 |a 978-958-8262-66-6 
035 |a 31148 
040 |a vLex 
090 |c 10185  |d 10185 
245 0 0 |a Situacin̤ de derechos humanos y derecho humanitario en Colombia 2013-2017  |h [Recurso electrn̤ico] / 
256 |a Servicio en ln̕ea 
260 |a Bogot:̀  |b Comisin̤ Colombiana de Juristas,  |c 2017 
300 |a 1 recurso electrn̤ico 
506 1 |a Disponible solo en los productos indicados  |d vLex Global  |d vLex Global (Academic Edition, excluding Law Schools)  |d vLex Global (U.S. Academic Edition, Law Schools)  |d vLex Global (U.S. Academic Edition, excluding Law Schools)  |d vLex Global (Academic Edition, Law Schools) 
650 0 4 |a Derecho Internacional  |z Colombia 
650 0 4 |a Derecho Pb︢lico y Administrativo  |z Colombia 
740 0 |a vLex Libros (Servicio en ln̕ea) 
856 4 0 |u http://vlex.com/source/situacion-derechos-humanos-derecho-humanitario-colombia-2013-2017-31148  |z Acceso restringido 
942 |c BOOK 
999 0 |a International Law 
999 0 |a Public and Administrative Law